[Event "Iberoamerican-ch 9th"]
[Site "Panama City"]
[Date "2023.11.30"]
[Round "7"]
[White "Ibanez Moreno, Sergio"]
[Black "Martinez, Marlon"]
[Result "1-0"]
[WhiteElo "1903"]
[BlackElo "1654"]
[PlyCount "63"]
[EventDate "2023.11.25"]
[EventType "swiss"]
[EventRounds "9"]
[EventCountry "PAN"]
[SourceTitle "CB49_2023"]
[SourceDate "2023.12.06"]
[SourceVersion "1"]
[SourceVersionDate "2023.12.06"]
[SourceQuality "1"]

1. e4 d5 2. exd5 Nf6 3. c4 e6 4. dxe6 Bxe6 5. d4 Bb4+ 6. Bd2 Bxd2+ 7. Qxd2 0-0 8. Bd3 Bg4 9. Nc3 Nc6 10. Nge2 Nb4 11. Bb1 Qd7 12. 0-0 Rad8 13. h3 Bh5 14. a3 Nc6 15. d5 Ne5 16. Qd4 Rfe8 17. Nf4 b6 18. Nxh5 Nxh5 19. Qh4 Nf6 20. Bc2 Ng6 21. Qg5 c6 22. dxc6 Qxc6 23. Ba4 Qxc4 24. Bxe8 Rxe8 25. Rfe1 Rxe1+ 26. Rxe1 h6 27. Qb5 Qh4 28. Qa4 Nf4 29. g3 Nxh3+ 30. Kg2 Qxa4 31. Nxa4 Ng5 32. Re7 1-0

[Event "Madrid San Viator op 18th"]
[Site "Madrid"]
[Date "2012.04.01"]
[Round "2"]
[White "Ibanez Moreno, Sergio"]
[Black "Julian Serra, Rogelio"]
[Result "1-0"]
[WhiteElo "1795"]
[BlackElo "2042"]
[PlyCount "77"]
[EventDate "2012.03.25"]
[EventType "swiss"]
[EventRounds "9"]
[EventCountry "ESP"]
[SourceTitle "EXT 2013"]
[Source "ChessBase"]
[SourceDate "2012.11.22"]
[SourceVersion "1"]
[SourceVersionDate "2012.11.22"]
[SourceQuality "1"]

1. e4 d5 2. exd5 Nf6 3. Bc4 Nxd5 4. d4 Nc6 5. c3 Bf5 6. Nf3 Qd6 7. 0-0 0-0-0 8. Nbd2 g5 9. Nxg5 Qg6 10. Ndf3 Bg4 11. Bd3 f5 12. h3 Bh5 13. Qc2 e6 14. Nh4 Qf6 15. Nxe6 Rd6 16. Bg5 Qf7 17. Bxf5 Kb8 18. Nxf8 Rxf8 19. g4 h6 20. Be3 Nce7 21. Rae1 Qf6 22. Ng2 Rg8 23. Be4 Bg6 24. Bxg6 Nxg6 25. c4 Nde7 26. Qb3 Nf5 27. d5 Qf7 28. Bd4 h5 29. Be5 hxg4 30. hxg4 Ngh4 31. Bxd6 cxd6 32. Qh3 Ng6 33. f4 Rh8 34. Qc3 Qh7 35. gxf5 Qh2+ 36. Kf2 Nxf4 37. Qg3 Nh3+ 38. Kf3 Ng5+ 39. Qxg5 1-0

[Event "Madrid Oliver Gonzalez Memorial 2nd"]
[Site "Madrid"]
[Date "2011.10.16"]
[Round "9"]
[White "Ibanez Moreno, Sergio"]
[Black "Ojosnegros Martin, Angel"]
[Result "1-0"]
[WhiteElo "1789"]
[BlackElo "1417"]
[PlyCount "69"]
[EventDate "2011.10.08"]
[EventType "swiss"]
[EventRounds "9"]
[EventCountry "ESP"]
[SourceTitle "CBM 144 Extra"]
[Source "ChessBase"]
[SourceDate "2011.10.28"]
[SourceVersion "1"]
[SourceVersionDate "2011.10.28"]
[SourceQuality "1"]

1. e4 e5 2. f4 d6 3. Nf3 Nc6 4. Nc3 Bg4 5. Bc4 Nf6 6. 0-0 Be7 7. Qe1 Bxf3 8. Rxf3 Nd4 9. Rg3 Nxc2 10. Qf1 Nxa1 11. Rxg7 Rf8 12. d3 c6 13. fxe5 dxe5 14. Bh6 Qd4+ 15. Kh1 Nc2 16. Rg3 Bc5 17. Bxf8 Qg1+ 18. Qxg1 Bxg1 19. Rf3 b5 20. Bb3 Nd4 21. Rxf6 Nxb3 22. axb3 Bxh2 23. Kxh2 Kxf8 24. Rxc6 Rd8 25. Nd5 Rd7 26. Rc8+ Kg7 27. g4 h6 28. Rg8+ Kxg8 29. Nf6+ Kg7 30. Nxd7 f6 31. b4 Kg6 32. Kg3 Kf7 33. Kh4 Kg6 34. b3 Kg7 35. Kh5 1-0

[Event "Madrid Oliver Gonzalez Memorial 2nd"]
[Site "Madrid"]
[Date "2011.10.11"]
[Round "4"]
[White "Alvarez Abejon, Amilcar"]
[Black "Ibanez Moreno, Sergio"]
[Result "1-0"]
[WhiteElo "2038"]
[BlackElo "1789"]
[PlyCount "133"]
[EventDate "2011.10.08"]
[EventType "swiss"]
[EventRounds "9"]
[EventCountry "ESP"]
[SourceTitle "CBM 144 Extra"]
[Source "ChessBase"]
[SourceDate "2011.10.28"]
[SourceVersion "1"]
[SourceVersionDate "2011.10.28"]
[SourceQuality "1"]

1. e4 e6 2. d4 d5 3. Nc3 dxe4 4. Nxe4 Nf6 5. Nxf6+ Qxf6 6. Nf3 h6 7. Bd3 Nc6 8. Qe2 Nxd4 9. Nxd4 Qxd4 10. 0-0 Bd6 11. Be3 Qf6 12. Rad1 0-0 13. f4 b6 14. Be4 Rb8 15. Bd4 Qe7 16. Rf3 Bb7 17. Rg3 f6 18. Bxb7 Rxb7 19. Rf1 Bc5 20. Bxc5 Qxc5+ 21. Kh1 Qf5 22. Rd3 Re8 23. Rd7 e5 24. Qb5 Qe4 25. Rxg7+ Kxg7 26. Qxe8 c5 27. f5 Rf7 28. h3 h5 29. c3 h4 30. Kh2 Qe2 31. Rf3 Qxb2 32. Qa4 Kf8 33. Qxh4 Qxa2 34. Rd3 Ke7 35. Qh8 Rf8 36. Qg7+ Qf7 37. Qg4 Rd8 38. Rg3 Rd7 39. Qh4 Kd6 40. Rg6 Kc7 41. Rxf6 Qd5 42. c4 Qd4 43. Rh6 e4 44. Re6 Qxc4 45. Qf4+ Kb7 46. Rxe4 Qc2 47. f6 Rd2 48. Qf3 Rf2 49. Re7+ Ka6 50. Qb7+ Kb5 51. f7 Qc1 52. Qd7+ Ka5 53. Re4 Qc2 54. Qxa7+ Kb5 55. Qd7+ Ka5 56. Rg4 c4 57. Qe7 Qb3 58. f8Q Rxf8 59. Qxf8 c3 60. Qa8+ Kb5 61. Rg5+ Kb4 62. Rg4+ Kb5 63. Qe8+ Ka5 64. Rg3 Qb2 65. Qe5+ Kb4 66. Qd4+ Kb3 67. Qxb6+ 1-0